<?xml version="1.0" encoding="UTF-8"?>
<record
    xmlns:xsi="http://www.w3.org/2001/XMLSchema-instance"
    xsi:schemaLocation="http://www.loc.gov/MARC21/slim http://www.loc.gov/standards/marcxml/schema/MARC21slim.xsd"
    xmlns="http://www.loc.gov/MARC21/slim">

  <leader>01270pam a2200361 i 4500</leader>
  <datafield tag="999" ind1=" " ind2=" ">
    <subfield code="c">175709</subfield>
    <subfield code="d">175709</subfield>
  </datafield>
  <controlfield tag="001">vtls000797321</controlfield>
  <controlfield tag="003">PNM</controlfield>
  <controlfield tag="005">20191229110802.0</controlfield>
  <controlfield tag="008">160222s2016    my o   g      000 0 may  </controlfield>
  <datafield tag="015" ind1=" " ind2=" ">
    <subfield code="a">M16-04422</subfield>
  </datafield>
  <datafield tag="020" ind1=" " ind2=" ">
    <subfield code="a">9789671398203</subfield>
    <subfield code="q">paperback</subfield>
    <subfield code="c">RM22.00</subfield>
  </datafield>
  <datafield tag="039" ind1=" " ind2="9">
    <subfield code="a">201909231237</subfield>
    <subfield code="b">anis_o</subfield>
    <subfield code="c">201805030947</subfield>
    <subfield code="d">fadzli</subfield>
    <subfield code="c">201804130807</subfield>
    <subfield code="d">masliza</subfield>
    <subfield code="c">201803281039</subfield>
    <subfield code="d">dayang</subfield>
  </datafield>
  <datafield tag="040" ind1=" " ind2=" ">
    <subfield code="a">BNM</subfield>
    <subfield code="b">eng</subfield>
    <subfield code="c">BNM</subfield>
    <subfield code="d">PNM</subfield>
    <subfield code="d">PPAK</subfield>
    <subfield code="e">rda</subfield>
  </datafield>
  <datafield tag="049" ind1=" " ind2=" ">
    <subfield code="a">klpmal</subfield>
  </datafield>
  <datafield tag="082" ind1="0" ind2="4">
    <subfield code="a">910.4</subfield>
    <subfield code="2">23</subfield>
  </datafield>
  <datafield tag="090" ind1="0" ind2="0">
    <subfield code="a">910.4</subfield>
    <subfield code="b">MOH</subfield>
    <subfield code="d">G</subfield>
  </datafield>
  <datafield tag="100" ind1="0" ind2=" ">
    <subfield code="a">Mohamad Jafri Ahmad,</subfield>
    <subfield code="d">1985-</subfield>
    <subfield code="e">author,</subfield>
    <subfield code="e">editor.</subfield>
  </datafield>
  <datafield tag="245" ind1="1" ind2="0">
    <subfield code="a">DARI MALAYA KE HIMALAYA /</subfield>
    <subfield code="c">MOHAMAD JAFRI AHMAD ; Editor: Mohamad Jafri Ahmad</subfield>
  </datafield>
  <datafield tag="246" ind1="3" ind2="4">
    <subfield code="a">Dari Malaya ke Himalaya :</subfield>
    <subfield code="b">travelog jelajah pergunungan Annapurna</subfield>
  </datafield>
  <datafield tag="264" ind1=" " ind2="1">
    <subfield code="a">[Kuala Rompin, Pahang] :</subfield>
    <subfield code="b">MOHAMAD JAFRI AHMAD,</subfield>
    <subfield code="c">[2016?]</subfield>
  </datafield>
  <datafield tag="300" ind1=" " ind2=" ">
    <subfield code="a">133 pages :</subfield>
    <subfield code="b">colour photographs ;</subfield>
    <subfield code="c">22 cm</subfield>
  </datafield>
  <datafield tag="336" ind1=" " ind2=" ">
    <subfield code="a">text</subfield>
    <subfield code="2">rdacontent</subfield>
  </datafield>
  <datafield tag="337" ind1=" " ind2=" ">
    <subfield code="a">unmediated</subfield>
    <subfield code="2">rdamedia</subfield>
  </datafield>
  <datafield tag="338" ind1=" " ind2=" ">
    <subfield code="a">volume</subfield>
    <subfield code="2">rdacarrier</subfield>
  </datafield>
  <datafield tag="600" ind1="0" ind2="4">
    <subfield code="a">Mohamad Jafri Ahmad,</subfield>
    <subfield code="d">1985-</subfield>
    <subfield code="v">Anecdotes</subfield>
  </datafield>
  <datafield tag="650" ind1="1" ind2="0">
    <subfield code="a">Travelers' writings, Malaysian</subfield>
  </datafield>
  <datafield tag="650" ind1="2" ind2="0">
    <subfield code="a">Mountaineering</subfield>
    <subfield code="z">Nepal</subfield>
    <subfield code="z">Annapurna</subfield>
  </datafield>
  <datafield tag="651" ind1=" " ind2="0">
    <subfield code="a">Annapurna (Nepal)</subfield>
    <subfield code="x">Description and travel</subfield>
  </datafield>
  <datafield tag="942" ind1=" " ind2=" ">
    <subfield code="2">ddc</subfield>
    <subfield code="c">B</subfield>
  </datafield>
  <datafield tag="949" ind1=" " ind2=" ">
    <subfield code="6">1001363563</subfield>
  </datafield>
  <datafield tag="949" ind1=" " ind2=" ">
    <subfield code="6">1001363564</subfield>
  </datafield>
  <datafield tag="949" ind1=" " ind2=" ">
    <subfield code="6">1001363565</subfield>
  </datafield>
  <datafield tag="952" ind1=" " ind2=" ">
    <subfield code="0">0</subfield>
    <subfield code="7">0</subfield>
    <subfield code="b">PPAK</subfield>
    <subfield code="c">G</subfield>
    <subfield code="d">2020-01-12</subfield>
    <subfield code="l">2</subfield>
    <subfield code="o">910.4 MOH</subfield>
    <subfield code="p">A01626768</subfield>
    <subfield code="r">2025-04-06 11:51:26</subfield>
    <subfield code="s">2025-03-16</subfield>
    <subfield code="y">B</subfield>
  </datafield>
  <datafield tag="952" ind1=" " ind2=" ">
    <subfield code="0">0</subfield>
    <subfield code="7">0</subfield>
    <subfield code="b">SP</subfield>
    <subfield code="c">G</subfield>
    <subfield code="d">2020-01-12</subfield>
    <subfield code="o">910.4 MOH</subfield>
    <subfield code="p">A01626769</subfield>
    <subfield code="r">2020-01-12 00:00:00</subfield>
    <subfield code="y">B</subfield>
  </datafield>
  <datafield tag="952" ind1=" " ind2=" ">
    <subfield code="0">0</subfield>
    <subfield code="7">0</subfield>
    <subfield code="b">JT</subfield>
    <subfield code="c">G</subfield>
    <subfield code="d">2020-01-12</subfield>
    <subfield code="l">2</subfield>
    <subfield code="m">1</subfield>
    <subfield code="o">910.4 MOH</subfield>
    <subfield code="p">A01626770</subfield>
    <subfield code="r">2025-07-20 10:09:17</subfield>
    <subfield code="s">2025-05-11</subfield>
    <subfield code="y">B</subfield>
  </datafield>
  <datafield tag="952" ind1=" " ind2=" ">
    <subfield code="0">0</subfield>
    <subfield code="7">0</subfield>
    <subfield code="b">KM</subfield>
    <subfield code="c">G</subfield>
    <subfield code="d">2020-01-12</subfield>
    <subfield code="o">910.4 MOH</subfield>
    <subfield code="p">A01626771</subfield>
    <subfield code="r">2020-01-12 00:00:00</subfield>
    <subfield code="y">B</subfield>
  </datafield>
  <datafield tag="952" ind1=" " ind2=" ">
    <subfield code="0">0</subfield>
    <subfield code="7">0</subfield>
    <subfield code="b">LW</subfield>
    <subfield code="c">G</subfield>
    <subfield code="d">2020-01-12</subfield>
    <subfield code="o">910.4 MOH</subfield>
    <subfield code="p">A01626772</subfield>
    <subfield code="r">2020-01-12 00:00:00</subfield>
    <subfield code="y">B</subfield>
  </datafield>
  <datafield tag="952" ind1=" " ind2=" ">
    <subfield code="0">0</subfield>
    <subfield code="7">0</subfield>
    <subfield code="b">BL</subfield>
    <subfield code="c">G</subfield>
    <subfield code="d">2020-01-12</subfield>
    <subfield code="l">1</subfield>
    <subfield code="m">1</subfield>
    <subfield code="o">910.4 MOH</subfield>
    <subfield code="p">A01626773</subfield>
    <subfield code="r">2024-08-13 12:50:29</subfield>
    <subfield code="s">2024-07-02</subfield>
    <subfield code="y">B</subfield>
  </datafield>
  <datafield tag="952" ind1=" " ind2=" ">
    <subfield code="0">0</subfield>
    <subfield code="7">0</subfield>
    <subfield code="b">BB</subfield>
    <subfield code="c">G</subfield>
    <subfield code="d">2020-01-12</subfield>
    <subfield code="o">910.4 MOH</subfield>
    <subfield code="p">A01626774</subfield>
    <subfield code="r">2020-01-12 00:00:00</subfield>
    <subfield code="y">B</subfield>
  </datafield>
  <datafield tag="952" ind1=" " ind2=" ">
    <subfield code="0">0</subfield>
    <subfield code="7">0</subfield>
    <subfield code="b">MR</subfield>
    <subfield code="c">G</subfield>
    <subfield code="d">2020-01-12</subfield>
    <subfield code="o">910.4 MOH</subfield>
    <subfield code="p">A01626775</subfield>
    <subfield code="r">2020-01-12 00:00:00</subfield>
    <subfield code="y">B</subfield>
  </datafield>
  <datafield tag="952" ind1=" " ind2=" ">
    <subfield code="0">0</subfield>
    <subfield code="7">0</subfield>
    <subfield code="b">YN</subfield>
    <subfield code="c">G</subfield>
    <subfield code="d">2020-01-12</subfield>
    <subfield code="o">910.4 MOH</subfield>
    <subfield code="p">A01626776</subfield>
    <subfield code="r">2020-01-12 00:00:00</subfield>
    <subfield code="y">B</subfield>
  </datafield>
</record>
